Вып. 1; Химия и технология молибдена и вольфрама

Bibliographische Detailangaben
Parent link:Химия и технология молибдена и вольфрама: [сборник]/ Кабардино-Балкарский государственный университет им. Х. М. Бербекова ; Тырныаузский горно-металлургический комбинат ; Донецкий государственный университет ; отв. ред. М. В. Мохосоев. Вып. 1.— , 1971-1974
Sprache:Russisch
Veröffentlicht: 1971
Schlagworte:
Format: Buch
KOHA link:https://koha.lib.tpu.ru/cgi-bin/koha/opac-detail.pl?biblionumber=222772

MARC

LEADER 00000nam2a2200000 4500
001 222772
005 20231101230459.0
035 |a (RuTPU)RU\TPU\book\242987 
090 |a 222772 
100 |a 20121001d1971 km y0rusy50 ca 
101 0 |a rus 
102 |a RU 
105 |a a z 001zy 
200 0 |a Вып. 1 
210 |d 1971 
215 |a 329 с.  |c ил. 
320 |a Библиография в конце статей 
461 1 |0 (RuTPU)RU\TPU\book\242242  |t Химия и технология молибдена и вольфрама  |o [сборник]  |f Кабардино-Балкарский государственный университет им. Х. М. Бербекова ; Тырныаузский горно-металлургический комбинат ; Донецкий государственный университет ; отв. ред. М. В. Мохосоев  |v Вып. 1  |d 1971-1974 
606 1 |a Молибден  |x Химия  |x Комплексные соединения  |2 stltpush  |3 (RuTPU)RU\TPU\subj\44317 
606 1 |a Вольфрам  |x Металлургия  |2 stltpush  |3 (RuTPU)RU\TPU\subj\22080  |9 46960 
610 1 |a вольфрамовые месторождения 
610 1 |a молибденовые руды 
610 1 |a минералогический состав 
610 1 |a переработка 
610 1 |a обогащение 
610 1 |a Тырныауз 
610 1 |a солевые системы 
610 1 |a водно-солевые системы 
610 1 |a гетерогенное равновесие 
610 1 |a насыщенные растворы 
675 |a 546.77  |v 3 
675 |a 669.27  |v 3 
801 1 |a RU  |b 63413507  |c 20121001 
801 2 |a RU  |b 63413507  |c 20200724  |g RCR 
942 |c BK